[Event "GER-chT U14"]
[Site "Regensburg"]
[Date "2014.12.27"]
[Round "2.2"]
[White "Linnert, Niklas"]
[Black "Haas, Maximilian"]
[Result "1-0"]
[WhiteElo "1677"]
[BlackElo "1708"]
[PlyCount "71"]
[EventDate "2014.12.27"]
[EventType "team-swiss"]
[EventRounds "7"]
[EventCountry "GER"]
[SourceTitle "EXT 2016"]
[Source "ChessBase"]
[SourceDate "2015.10.08"]
[SourceVersion "1"]
[SourceVersionDate "2015.10.08"]
[SourceQuality "1"]
[WhiteTeam "Plauen Koenig"]
[BlackTeam "Erlangen"]
[WhiteTeamCountry "GER"]
[BlackTeamCountry "GER"]

1. e4 e6 2. Nf3 d5 3. e5 c5 4. b4 Qb6 5. bxc5 Bxc5 6. d4 Be7 7. Bd3 Bd7 8. 0-0 Nc6 9. c3 a6 10. Be3 Na5 11. Nbd2 Qb2 12. Qc1 Ba3 13. Nb3 Qxb3 14. axb3 Bxc1 15. Rxa5 Bxe3 16. fxe3 h6 17. e4 Ne7 18. c4 dxc4 19. bxc4 Nc6 20. Ra3 0-0 21. d5 Nb4 22. Nd4 Rac8 23. Be2 Rfd8 24. Rb1 a5 25. Rxa5 Na6 26. Nb5 Rc5 27. Ra3 exd5 28. exd5 Bxb5 29. Rxb5 Rxb5 30. cxb5 Nc5 31. Bc4 Nd7 32. e6 Ne5 33. e7 Re8 34. d6 b6 35. Re3 Ng4 36. d7 1-0

[Event "Sachsen-ch U14"]
[Site "Sebnitz"]
[Date "2013.04.05"]
[Round "6"]
[White "Kabatek, Ole Soenke"]
[Black "Linnert, Niklas"]
[Result "0-1"]
[WhiteElo "1199"]
[BlackElo "1521"]
[PlyCount "80"]
[EventDate "2013.04.02"]
[EventType "swiss"]
[EventRounds "7"]
[EventCountry "GER"]
[SourceTitle "EXT 2014"]
[Source "ChessBase"]
[SourceDate "2013.11.20"]
[SourceVersion "1"]
[SourceVersionDate "2013.11.20"]
[SourceQuality "1"]

1. e4 c5 2. Nf3 Nc6 3. d4 cxd4 4. Nxd4 Nf6 5. Nc3 e6 6. Be3 d6 7. Be2 Be7 8. 0-0 0-0 9. Qd2 a6 10. Rad1 Qc7 11. f4 b5 12. a3 Na5 13. b3 Bb7 14. Bf3 Rac8 15. Nde2 Rfd8 16. Qe1 Rd7 17. Rd3 Qb8 18. Qd2 Qc7 19. Rd1 Rcd8 20. e5 dxe5 21. fxe5 Rxd3 22. cxd3 Qxe5 23. Bb6 Bc5+ 24. Bxc5 Qxc5+ 25. Kh1 Bxf3 26. b4 Qc6 27. gxf3 Qxf3+ 28. Kg1 Nc6 29. d4 Qg4+ 30. Kf1 h6 31. Kf2 Ne4+ 32. Nxe4 Qxe4 33. Kg1 Qg4+ 34. Kf1 Qf3+ 35. Kg1 Qxa3 36. Rb1 Qf3 37. Rf1 Qg4+ 38. Kf2 Qh4+ 39. Kg2 Qg5+ 40. Qxg5 hxg5 0-1